000 00861nam a22002415i 4500
001 176046
003 ES-MaACL
005 20230906215955.0
007 t|
008 101213s1956 sp a r ||||1| spa d
080 _a677.054.4
100 1 _aMichael, Emil.
_9144276
245 1 0 _aGénero de punto por urdimbre
_b: obtención de muestras y tecnología de los telares /
_cpor Emil Michael ; edición adaptada y ampliada por Joaquín Planagomá Güell.
250 _a1ª ed.
260 _aBarcelona ; Buenos Aires :
_bJosé Montesó,
_c1956.
300 _a291 p. :
_bil. col. y n. ;
_c23 cm.
490 1 _aBiblioteca de técnica textil ;
_v5
650 4 _aTelares.
_9144274
700 1 _aPlanagomá Güell, Joaquín.
_9144277
830 0 _aBiblioteca de técnica textil ;
_v5
_9189915
852 _aES-MaACL
_jE-13783
_xOlim P-909
999 _c176046
_d176046